000 00610nam a2200241 i 4500
001 C2-0099474
003 PPAK
005 20180727094801.0
008 970528s1990 enk |||| ||||| | eng d
020 _a0712621695
040 _aPPAK
_beng
_cPPAK
_erda
082 0 4 _a823
_223
090 0 0 _a823
_bSHE
_dG
100 1 _aShepard, Lucius,
_eauthor
245 1 0 _aKalimantan
264 1 _aLondon :
_bA Legend Novella ,
_c1990
300 _a160 pages ;
_c22 cm
336 _2rdacontent
_atext
337 _2rdamedia
_aunmediated
338 _2rdacarrier
_avolume
650 1 0 _aEnglish fiction
942 _ddc
_cB
999 _c22204
_d22204